Sharjah Art Foundation Library

عقدة أوديب فيالرواية العربية (Record no. 6639)

MARC details
000 -LEADER
fixed length control field 00629nam a2200181Ia 4500
001 - CONTROL NUMBER
control field 6639
008 - FIXED-LENGTH DATA ELEMENTS--GENERAL INFORMATION
fixed length control field 260622s9999 xx 000 0 und d
245 #0 - TITLE STATEMENT
Title عقدة أوديب فيالرواية العربية
Statement of responsibility, etc. جورج طرابيشي
250 ## - EDITION STATEMENT
Edition statement الطبعة الثانية؛
260 ## - PUBLICATION, DISTRIBUTION, ETC.
Place of publication, distribution, etc. بيروت؛
Name of publisher, distributor, etc. دار الطليعة للطباعة و النشر؛
Date of publication, distribution, etc. 1987
300 ## - PHYSICAL DESCRIPTION
Extent 335p;
Dimensions 20x14cm
520 ## - SUMMARY, ETC.
Summary, etc. Oedipus Complex in Arabic fiction/ Georges Tarabichi
546 ## - LANGUAGE NOTE
Language note Arabic
650 ## - SUBJECT ADDED ENTRY--TOPICAL TERM
Topical term or geographic name entry element PJ7501-8517 Arabic literature
655 ## - INDEX TERM--GENRE/FORM
Genre/form data or focus term Articles مقالات
9 (RLIN) 9420
700 ## - ADDED ENTRY--PERSONAL NAME
Personal name Tarabishi, George
9 (RLIN) 9495
942 ## - ADDED ENTRY ELEMENTS (KOHA)
Koha item type Book
Holdings
Withdrawn status Lost status Damaged status Not for loan Collection Home library Current library Date acquired Total Checkouts Full call number Barcode Date last seen Price effective from Koha item type
        Language and Literature SAF Reference Library SAF Reference Library 06/22/2026   PJ7501-8517 200.275 6639 06/22/2026 06/22/2026 Book

Copyright © 2022. Sharjah Art Foundation. All Rights Reserved.